[Event "Tradewise Gibraltar AmatWk2"]
[Site "Gibraltar"]
[Date "2018.01.28"]
[Round "2.12"]
[White "Gonzalez Pabollet, Jesus Maria S"]
[Black "Bussmann, John"]
[Result "1-0"]
[WhiteElo "1852"]
[BlackElo "1713"]
[PlyCount "73"]
[EventDate "2018.01.27"]
[EventType "swiss"]
[EventRounds "5"]
[EventCountry "GGB"]

1. e4 b6 2. d4 e6 3. Bd3 Bb7 4. Nf3 Bb4+ 5. c3 Be7 6. O-O Nf6 7. Re1 d6 8. Bf4
Nbd7 9. Nbd2 O-O 10. Qc2 g6 11. h3 Re8 12. Rad1 Bf8 13. Bg5 Qc8 14. a3 Bg7 15.
Bb5 a6 16. Ba4 b5 17. Bb3 c5 18. e5 dxe5 19. dxe5 Nd5 20. c4 N5b6 21. Ne4 Bxe4
22. Qxe4 bxc4 23. Bxc4 Nxc4 24. Qxc4 Nb6 25. Qh4 Nd5 26. Bh6 Bh8 27. Ng5 Qd8
28. Qe4 Bg7 29. Qf3 Ra7 30. Bxg7 Kxg7 31. Ne4 Qc7 32. Nf6 Nxf6 33. exf6+ Kh8
34. Qe3 Raa8 35. Rd5 Rac8 36. Qh6 Rg8 37. Rd2 1-0

[Event "Tradewise Gibraltar AmatWk2"]
[Site "Gibraltar"]
[Date "2018.01.28"]
[Round "2.13"]
[White "Dias, Marcos Afonso"]
[Black "James, Kevin"]
[Result "0-1"]
[WhiteElo "1494"]
[BlackElo "1851"]
[PlyCount "72"]
[EventDate "2018.01.27"]
[EventType "swiss"]
[EventRounds "5"]
[EventCountry "GGB"]

1. e4 c6 2. Bc4 d5 3. Bb3 e5 4. Qh5 Nd7 5. d3 Ngf6 6. Qh4 Be7 7. Bg5 O-O 8. Ne2
Nc5 9. Nd2 h6 10. Bxf6 Bxf6 11. Qh5 Qa5 12. O-O-O Be6 13. Kb1 Bg5 14. f4 exf4
15. Rhf1 f3 16. Qxf3 Bxd2 17. exd5 cxd5 18. Bxd5 Bg5 19. Nd4 Bxd5 20. Qxd5 Rad8
21. Qc4 Be3 22. Nf5 Bg5 23. b4 Qa3 24. bxc5 Rc8 25. Nd6 Rxc5 26. Qb3 Qa6 27. d4
Rc6 28. Nb5 Rb6 29. a4 Qa5 30. c4 a6 31. c5 Re6 32. Nd6 Re3 33. Rd3 Rxd3 34.
Qxd3 Qxa4 35. Qd1 Qb4+ 36. Kc2 b6 {time} 0-1

[Event "Tradewise Gibraltar AmatWk2"]
[Site "Gibraltar"]
[Date "2018.01.28"]
[Round "2.14"]
[White "Parker, Keith"]
[Black "Ajayi, Ayokanmi"]
[Result "1-0"]
[WhiteElo "1849"]
[BlackElo "1537"]
[PlyCount "69"]
[EventDate "2018.01.27"]
[EventType "swiss"]
[EventRounds "5"]
[EventCountry "GGB"]

1. d4 Nf6 2. Bf4 d6 3. e3 g6 4. Nf3 Bg7 5. Nbd2 O-O 6. Be2 Nbd7 7. c3 Qe8 8. h3
e5 9. Bh2 e4 10. Ng1 Qe7 11. c4 Ne8 12. Qc2 f5 13. g4 Ndf6 14. gxf5 gxf5 15.
Bf4 Kh8 16. O-O-O c6 17. Re1 Rg8 18. Bd1 Bf8 19. Nf1 Be6 20. Ng3 Qf7 21. b3 b5
22. Be2 a5 23. Kd2 Nc7 24. f3 d5 25. c5 Na6 26. a3 Qb7 27. h4 h6 28. Nh3 Nh7
29. Nh5 Bg7 30. Nxg7 Qxg7 31. Reg1 Qf8 32. Be5+ Nf6 33. Nf4 Rxg1 34. Rxg1 Kh7
35. Nxe6 1-0

[Event "Tradewise Gibraltar AmatWk2"]
[Site "Gibraltar"]
[Date "2018.01.28"]
[Round "2.15"]
[White "Lohia, Sohum"]
[Black "Georgieva, Emilia"]
[Result "1/2-1/2"]
[WhiteElo "1460"]
[BlackElo "1848"]
[PlyCount "51"]
[EventDate "2018.01.27"]
[EventType "swiss"]
[EventRounds "5"]
[EventCountry "GGB"]

1. e4 c6 2. d4 d5 3. exd5 cxd5 4. Bd3 Nf6 5. Bf4 Nc6 6. c3 e6 7. Nf3 Bd6 8.
Bxd6 Qxd6 9. Nbd2 b6 10. O-O O-O 11. Re1 g6 12. Ne5 Nd7 13. Ndf3 Ndxe5 14. Nxe5
Nxe5 15. dxe5 Qe7 16. Qd2 f6 17. exf6 Rxf6 18. Re3 Qf7 19. Rae1 Bd7 20. f3 Rf8
21. Qe2 Rf4 22. b3 Kg7 23. Qb2 Kg8 24. c4 Qf6 25. Qe2 d4 26. Re4 1/2-1/2

[Event "Tradewise Gibraltar AmatWk2"]
[Site "Gibraltar"]
[Date "2018.01.28"]
[Round "2.16"]
[White "Flynn, David"]
[Black "Popham, Sarah"]
[Result "1-0"]
[WhiteElo "1876"]
[BlackElo "1238"]
[PlyCount "99"]
[EventDate "2018.01.27"]
[EventType "swiss"]
[EventRounds "5"]
[EventCountry "GGB"]

1. e4 e5 2. Nf3 Nc6 3. Bb5 Bc5 4. c3 Nf6 5. d4 exd4 6. e5 Ng4 7. O-O dxc3 8.
Nxc3 O-O 9. Qd5 Bb4 10. Ne4 Qe8 11. a3 Be7 12. Ba4 b6 13. h3 Nh6 14. Rd1 Bb7
15. Nf6+ Bxf6 16. exf6 Qe6 17. fxg7 Kxg7 18. Qg5+ Qg6 19. Qxh6+ Qxh6 20. Bxh6+
Kxh6 21. Rxd7 Rac8 22. Rc1 Nd8 23. Rcxc7 Rxc7 24. Rxc7 Rg8 25. Ne1 f5 26. Bc2
Rg5 27. g4 Be4 28. f4 Rg8 29. g5+ Kh5 30. Rxh7+ Kg6 31. Rh6+ Kf7 32. Bb3+ Kg7
33. Bxg8 Kxg8 34. Rd6 Nf7 35. Rd7 a5 36. h4 Bc6 37. Rc7 Be8 38. Rc8 Kf8 39. Rb8
b5 40. h5 Ke7 41. h6 Nxh6 42. Rxe8+ Kxe8 43. gxh6 Kf8 44. Nf3 Kg8 45. Ng5 Kh8
46. Kf2 Kg8 47. Ke3 Kh8 48. Kd4 Kg8 49. Kc5 Kh8 50. Kxb5 1-0

[Event "Tradewise Gibraltar AmatWk2"]
[Site "Gibraltar"]
[Date "2018.01.28"]
[Round "2.17"]
[White "Shaw, John S"]
[Black "Cherigui, Mourad"]
[Result "1/2-1/2"]
[WhiteElo "1680"]
[BlackElo "1892"]
[PlyCount "83"]
[EventDate "2018.01.27"]
[EventType "swiss"]
[EventRounds "5"]
[EventCountry "GGB"]

1. Nf3 Nf6 2. b3 g6 3. Bb2 Bg7 4. e3 c5 5. c4 O-O 6. d4 d6 7. Nc3 e6 8. Be2 b6
9. O-O Bb7 10. Qc2 Qe7 11. Rfd1 Na6 12. a3 Rad8 13. Rac1 Rfe8 14. dxc5 dxc5 15.
Rxd8 Rxd8 16. Rd1 Rxd1+ 17. Bxd1 e5 18. e4 Nc7 19. Nd5 Nfxd5 20. cxd5 Nb5 21.
Be2 Nd6 22. Nd2 f5 23. f3 fxe4 24. fxe4 Qg5 25. Nc4 Nxc4 26. Bxc4 h5 27. Bc1
Qg4 28. h3 Qd7 29. a4 Kh7 30. Qf2 Qe7 31. g4 Bc8 32. gxh5 gxh5 33. Qf3 Qe8 34.
Be2 Qg6+ 35. Kh2 Kg8 36. Qxh5 Qxe4 37. Qe8+ Bf8 38. Qh5 Bf5 39. d6 Bg6 40. Bc4+
Kg7 41. Bh6+ Kh7 42. Qg5 1/2-1/2

[Event "Tradewise Gibraltar AmatWk2"]
[Site "Gibraltar"]
[Date "2018.01.28"]
[Round "2.18"]
[White "Yilmaz, Kazim"]
[Black "Spanton, Tim R"]
[Result "0-1"]
[WhiteElo "1656"]
[BlackElo "1888"]
[PlyCount "130"]
[EventDate "2018.01.27"]
[EventType "swiss"]
[EventRounds "5"]
[EventCountry "GGB"]

1. e4 c5 2. Nf3 g6 3. Nc3 Nc6 4. Bc4 Bg7 5. O-O e6 6. d3 Nge7 7. Bf4 d5 8. exd5
exd5 9. Bb5 O-O 10. Bxc6 Nxc6 11. h3 Bf5 12. Qd2 a6 13. Bh6 Re8 14. Bxg7 Kxg7
15. Rfe1 d4 16. Ne4 Qd5 17. Ng3 Bxh3 18. gxh3 Qxf3 19. a3 h5 20. h4 f6 21. Rxe8
Rxe8 22. Re1 Rxe1+ 23. Qxe1 Ne5 24. Qe4 Qxe4 25. Nxe4 b6 26. Kg2 Kf7 27. b3 Ke6
28. a4 Nc6 29. Nd2 Nb4 30. Nc4 Nxc2 31. Nxb6 Ne1+ 32. Kg3 Nxd3 33. Nc4 Nc1 34.
Nd2 Kf5 35. f3 g5 36. hxg5 fxg5 37. a5 h4+ 38. Kg2 Kf4 39. Kf2 h3 40. Kg1 Ke3
41. Nc4+ Kxf3 42. Ne5+ Ke2 43. Kh2 Nxb3 44. Kxh3 Nxa5 45. Kg4 c4 46. Nf3 d3 47.
Nd4+ Ke3 48. Nf5+ Kf2 49. Ng3 d2 50. Ne4+ Ke1 51. Nc3 d1=Q+ 52. Nxd1 Kxd1 53.
Kxg5 c3 54. Kf4 c2 55. Ke3 c1=Q+ 56. Kd4 Nc6+ 57. Kd5 a5 58. Kd6 a4 59. Kc7 a3
60. Kd7 a2 61. Ke6 a1=Q 62. Kf7 Qh6 63. Ke8 Qe5+ 64. Kd7 Qhd6+ 65. Kc8 Qc7# 0-1

[Event "Tradewise Gibraltar AmatWk2"]
[Site "Gibraltar"]
[Date "2018.01.28"]
[Round "2.19"]
[White "Jackson, Paul R"]
[Black "Marcos Herrero, Francisco"]
[Result "1/2-1/2"]
[WhiteElo "1503"]
[BlackElo "1876"]
[PlyCount "133"]
[EventDate "2018.01.27"]
[EventType "swiss"]
[EventRounds "5"]
[EventCountry "GGB"]

1. d4 Nf6 2. Nf3 c5 3. c3 b6 4. Bf4 Bb7 5. e3 Nh5 6. Bg3 d6 7. Be2 g6 8. Nbd2
Nxg3 9. hxg3 Bg7 10. Qb3 e6 11. dxc5 dxc5 12. O-O-O O-O 13. Qa4 Qe7 14. Qh4
Qxh4 15. Nxh4 Rd8 16. Bf3 Nc6 17. Bxc6 Bxc6 18. Nhf3 b5 19. Nb3 Bf8 20. Rxd8
Rxd8 21. Rd1 Rxd1+ 22. Kxd1 f6 23. Ne1 h5 24. f3 Kf7 25. e4 Ba8 26. Nc2 Bd6 27.
Ke2 Ke7 28. Ne3 a6 29. g4 h4 30. Nd2 Kd7 31. c4 Kc6 32. b3 Kb6 33. Kd3 Bc6 34.
Nc2 Bd7 35. Na3 Bf4 36. Ke2 Kc6 37. Kd3 Kd6 38. Nf1 Ke5 39. Ne3 Bg3 40. Nac2
Kf4 41. Ke2 Kg5 42. Nf1 Be5 43. Ke3 Bd6 44. Ne1 Bf4+ 45. Kd3 f5 46. gxf5 exf5
47. Nd2 Be5 48. Nc2 Kf4 49. Ne3 Bc6 50. exf5 gxf5 51. Ndf1 Kg5 52. Nd2 Kf6 53.
Nb1 h3 54. gxh3 Bxf3 55. Nd2 Bc6 56. Nd5+ Ke6 57. Nc3 Bf6 58. cxb5 axb5 59. a4
Bxc3 60. Kxc3 bxa4 61. bxa4 Bxa4 62. Kc4 Kd6 63. h4 Bd1 64. Kd3 Kd5 65. Ke3 c4
66. Nxc4 Kxc4 67. Kf4 1/2-1/2

[Event "Tradewise Gibraltar AmatWk2"]
[Site "Gibraltar"]
[Date "2018.01.28"]
[Round "2.21"]
[White "Longdin, Michael"]
[Black "Izzard, Brian J"]
[Result "1-0"]
[WhiteElo "1787"]
[BlackElo "1657"]
[PlyCount "66"]
[EventDate "2018.01.27"]
[EventType "swiss"]
[EventRounds "5"]
[EventCountry "GGB"]

1. d4 d5 2. Bf4 Nf6 3. e3 Bf5 4. c3 e6 5. Qb3 Qc8 6. Nf3 Be7 7. Nh4 Bg6 8. Nxg6
hxg6 9. Nd2 Nbd7 10. Bd3 c5 11. Qd1 Qc6 12. Qe2 c4 13. Bc2 Bd6 14. Bxd6 Qxd6
15. h3 O-O-O 16. b3 e5 17. bxc4 exd4 18. cxd4 Rde8 19. Qd3 Nh5 20. O-O Ndf6 21.
cxd5 g5 22. Qc4+ Kb8 23. Qc5 Qd7 24. d6 Rc8 25. Qf5 Qxd6 26. Bb3 Rc7 27. Nc4
Qe7 28. Qe5 Qxe5 29. Nxe5 Rf8 30. g4 Nd7 31. Nxd7+ Rxd7 32. gxh5 Rh8 33. Bd1 g6
1-0

[Event "Tradewise Gibraltar AmatWk2"]
[Site "Gibraltar"]
[Date "2018.01.28"]
[Round "2.22"]
[White "Olde, Karl Erik"]
[Black "Fernandez De La Fuente, Jose A"]
[Result "0-1"]
[WhiteElo "1402"]
[BlackElo "1735"]
[PlyCount "74"]
[EventDate "2018.01.27"]
[EventType "swiss"]
[EventRounds "5"]
[EventCountry "GGB"]

1. d4 Nf6 2. c4 e6 3. Nf3 d5 4. e3 c6 5. Nc3 Be7 6. b3 O-O 7. Bd3 a6 8. O-O Qc7
9. Bb2 Nbd7 10. Rc1 dxc4 11. bxc4 h6 12. Qe2 b6 13. Rfd1 Bb7 14. d5 exd5 15.
cxd5 c5 16. e4 Bd6 17. Qc2 Ng4 18. h3 Nge5 19. Nxe5 Nxe5 20. Be2 Ng6 21. Bg4
Bf4 22. Rb1 Be5 23. Na4 Bd6 24. Rdc1 Bc8 25. Bxc8 Raxc8 26. Ba3 Rb8 27. Qb2 Ne5
28. Qe2 Qa7 29. Qe3 Nd7 30. Rc2 Rfc8 31. Rbc1 Qc7 32. g3 Re8 33. f4 f6 34. Qd3
Re7 35. Re2 Qa7 36. Bb2 b5 37. Nc3 c4+ 0-1

[Event "Tradewise Gibraltar AmatWk2"]
[Site "Gibraltar"]
[Date "2018.01.28"]
[Round "2.23"]
[White "Diaz Mino, Daniel"]
[Black "Dhanwani, Aditya"]
[Result "1-0"]
[WhiteElo "1698"]
[BlackElo "1484"]
[PlyCount "46"]
[EventDate "2018.01.27"]
[EventType "swiss"]
[EventRounds "5"]
[EventCountry "GGB"]

1. e4 e6 2. d4 d5 3. exd5 exd5 4. Nc3 Bb4 5. Bd2 Bxc3 6. Bxc3 Nf6 7. Bb4 Nc6 8.
Bb5 Bd7 9. Bxc6 Bxc6 10. Ne2 Qd7 11. O-O O-O-O 12. Re1 Rhe8 13. a4 Bxa4 14. b3
Bb5 15. Rxa7 b6 16. Ra8+ Kb7 17. Rxd8 Qxd8 18. Ng3 h5 19. Nf5 g6 20. Be7 Qc8
21. Ng3 Nd7 22. Qf3 c6 23. Qxf7 Kb8 1-0

[Event "Tradewise Gibraltar AmatWk2"]
[Site "Gibraltar"]
[Date "2018.01.28"]
[Round "2.24"]
[White "Johansson, Daniel 1984"]
[Black "Jimenez Urquijo, Juan Manuel"]
[Result "1/2-1/2"]
[WhiteElo "1832"]
[BlackElo "1496"]
[PlyCount "67"]
[EventDate "2018.01.27"]
[EventType "swiss"]
[EventRounds "5"]
[EventCountry "GGB"]

1. e4 d6 2. d4 Nf6 3. Nc3 g6 4. Be3 Bg7 5. Qd2 Ng4 6. Bg5 h6 7. Bh4 Nf6 8. f4
e5 9. dxe5 Nxe4 10. Bxd8 Nxd2 11. Bxc7 Nxf1 12. Kxf1 dxe5 13. fxe5 O-O 14. Nf3
Nc6 15. Kf2 Bf5 16. Rac1 f6 17. Rhe1 fxe5 18. Bxe5 Nxe5 19. Nxe5 Rae8 20. Nf3
Rxe1 21. Kxe1 Bxc3+ 22. bxc3 Bg4 23. Ke2 Bxf3+ 24. gxf3 Rc8 25. Kd3 Kf7 26. c4
b6 27. Rb1 Kf6 28. Rb5 Rc6 29. Rd5 Ke6 30. h4 Rc7 31. Kc3 Rf7 32. Rd3 Rf5 33.
Kb4 Rf4 34. Re3+ 1/2-1/2

[Event "Tradewise Gibraltar AmatWk2"]
[Site "Gibraltar"]
[Date "2018.01.28"]
[Round "2.25"]
[White "Matto, Manuel"]
[Black "Oliva Parra, Ernesto"]
[Result "0-1"]
[WhiteElo "1814"]
[BlackElo "1560"]
[PlyCount "108"]
[EventDate "2018.01.27"]
[EventType "swiss"]
[EventRounds "5"]
[EventCountry "GGB"]

1. f4 Nc6 2. Nf3 d5 3. d4 Bf5 4. c3 Nf6 5. e3 a6 6. Bd3 Ne4 7. O-O h6 8. Ne5 e6
9. Bxe4 Bxe4 10. Nd2 Nxe5 11. Nxe4 Nc4 12. Nf2 Be7 13. Nd3 Nd6 14. Ne5 O-O 15.
Bd2 Bf6 16. b3 Rc8 17. Rc1 b5 18. Be1 c5 19. Qh5 cxd4 20. exd4 Nf5 21. Bd2 Bxe5
22. fxe5 Qb6 23. Kh1 Qd8 24. g4 g6 25. Qh3 Qh4 26. Qf3 Ng7 27. Be1 Qg5 28. Bg3
Rc7 29. Bf4 Qh4 30. Bg3 Qg5 31. h4 Qe7 32. Qf6 Qa3 33. Qf2 b4 34. Qd2 Rfc8 35.
Rf3 Qa5 36. Be1 Rxc3 37. Rfxc3 Rxc3 38. Rxc3 bxc3 39. Qc2 Qb5 40. Kg2 h5 41. a4
Qb6 42. Qxc3 Qb7 43. b4 hxg4 44. Kg3 Nf5+ 45. Kxg4 Nh6+ 46. Kf3 Nf5 47. Qc5 Qd7
48. b5 axb5 49. axb5 Qxb5 50. Qc8+ Kg7 51. Qc3 Qf1+ 52. Kg4 Qg2+ 53. Bg3 Nh6+
54. Kg5 Qe4 0-1

[Event "Tradewise Gibraltar AmatWk2"]
[Site "Gibraltar"]
[Date "2018.01.28"]
[Round "2.26"]
[White "Anjali, R. Sagar"]
[Black "Nutu, Mihail Puiu"]
[Result "1-0"]
[WhiteElo "1792"]
[BlackElo "1558"]
[PlyCount "117"]
[EventDate "2018.01.27"]
[EventType "swiss"]
[EventRounds "5"]
[EventCountry "GGB"]

1. e4 e5 2. Nf3 Nc6 3. Bb5 a6 4. Ba4 Nf6 5. O-O d6 6. d4 b5 7. dxe5 dxe5 8.
Qxd8+ Nxd8 9. Bb3 Bd6 10. Bg5 O-O 11. Bxf6 gxf6 12. Nh4 Be6 13. Nd2 c5 14. c3
Nc6 15. Rfd1 Rfd8 16. Nf1 c4 17. Bc2 Bg4 18. Rd2 Bc5 19. h3 Rxd2 20. Nxd2 Be6
21. Nf1 Rd8 22. Rd1 Rxd1 23. Bxd1 b4 24. Ba4 Na5 25. cxb4 Bxb4 26. Ne3 Be7 27.
Nhf5 Bd8 28. Kf1 Nb7 29. Bc6 Nc5 30. Nd6 c3 31. bxc3 Bxa2 32. c4 Bb3 33. Bd5 a5
34. Bxf7+ Kf8 35. Bh5 a4 36. Bd1 a3 37. Bxb3 Nxb3 38. Nc2 a2 39. Ke2 a1=Q 40.
Nxa1 Nxa1 41. Nb7 Ke8 42. Kd3 Nb3 43. c5 Na5 44. Nxa5 Bxa5 45. Kc4 Be1 46. f3
Kd7 47. Kd5 Kc7 48. Ke6 Bh4 49. Kf5 Bg3 50. Kxf6 Kc6 51. h4 Kxc5 52. h5 Kd4 53.
h6 Ke3 54. Kg7 Bf4 55. Kxh7 Kf2 56. Kg6 Bxh6 57. Kxh6 Kxg2 58. Kg5 Kxf3 59. Kf5
1-0

[Event "Tradewise Gibraltar AmatWk2"]
[Site "Gibraltar"]
[Date "2018.01.28"]
[Round "2.27"]
[White "Koreywo, Witold"]
[Black "Bizcocho Mellado, Gregorio"]
[Result "0-1"]
[WhiteElo "1545"]
[BlackElo "1788"]
[PlyCount "68"]
[EventDate "2018.01.27"]
[EventType "swiss"]
[EventRounds "5"]
[EventCountry "GGB"]

1. d4 Nf6 2. Bg5 g6 3. Nf3 Bg7 4. Nbd2 d6 5. c3 c5 6. Qb3 Nc6 7. Bxf6 Bxf6 8.
e3 a6 9. a4 b6 10. Be2 O-O 11. h3 Qc7 12. O-O Bf5 13. Rfe1 Rfb8 14. e4 Bd7 15.
d5 Ne5 16. Nxe5 Bxe5 17. Nc4 Bg7 18. Ne3 Ra7 19. Qc2 b5 20. axb5 axb5 21. Rxa7
Qxa7 22. b4 Ra8 23. Rb1 Qa2 24. Rb2 Qa1+ 25. Nd1 cxb4 26. Rxb4 Ra2 27. Qd3 Ra8
28. Qd2 Ra2 29. Qd3 Ra4 30. Rb2 Qa3 31. Qc2 Qc5 32. Rb3 b4 33. c4 Ra3 34. Kh2
Ba4 0-1

[Event "Tradewise Gibraltar AmatWk2"]
[Site "Gibraltar"]
[Date "2018.01.28"]
[Round "2.28"]
[White "Mena Castillo, Luis"]
[Black "Naldrett, Geoffrey"]
[Result "1/2-1/2"]
[WhiteElo "1756"]
[BlackElo "1547"]
[PlyCount "97"]
[EventDate "2018.01.27"]
[EventType "swiss"]
[EventRounds "5"]
[EventCountry "GGB"]

1. e4 c6 2. d4 d5 3. e5 Bf5 4. f4 e6 5. Ne2 h5 6. Ng3 Bg6 7. Bd3 Bxd3 8. Qxd3
g6 9. Nc3 Be7 10. Bd2 Nd7 11. O-O-O Nb6 12. Kb1 Nc4 13. Bc1 a5 14. Rhf1 h4 15.
Nge4 Nb6 16. Nc5 Bxc5 17. dxc5 Nd7 18. Be3 Ne7 19. g4 hxg3 20. hxg3 Nf5 21. Bf2
b5 22. g4 Ne7 23. Rh1 Rf8 24. Qd4 Qc7 25. Bh4 Qa7 26. Bf2 Kd8 27. Qd2 Kc7 28.
Rh7 a4 29. Ne4 dxe4 30. Qxd7+ Kb8 31. Qd4 a3 32. Rxf7 Rxf7 33. Qd8+ Nc8 34. b3
Qe7 35. Qd2 Kc7 36. Qe3 Na7 37. b4 Rd8 38. Rd6 Nc8 39. Qxe4 Nxd6 40. cxd6+ Rxd6
41. exd6+ Qxd6 42. Be3 Qd1+ 43. Bc1 Qd5 44. Qe3 Kb7 45. Qxa3 Rd7 46. Be3 Kb8
47. Qc3 Qd1+ 48. Bc1 Qxg4 49. Qe5+ 1/2-1/2

[Event "Tradewise Gibraltar AmatWk2"]
[Site "Gibraltar"]
[Date "2018.01.28"]
[Round "2.29"]
[White "Kympergr, Vojtech"]
[Black "Melgar Guerrero, Salvador"]
[Result "0-1"]
[WhiteElo "1468"]
[BlackElo "1713"]
[PlyCount "100"]
[EventDate "2018.01.27"]
[EventType "swiss"]
[EventRounds "5"]
[EventCountry "GGB"]

1. e4 c5 2. Nf3 d6 3. d4 cxd4 4. Nxd4 Nf6 5. Nc3 g6 6. Bb5+ Bd7 7. Bxd7+ Nbxd7
8. O-O a6 9. a4 Bg7 10. Nf3 O-O 11. a5 Rc8 12. Re1 Rc5 13. Bd2 Rxa5 14. Rxa5
Qxa5 15. Nd5 Qd8 16. Bg5 h6 17. Nxf6+ Nxf6 18. Bxf6 Bxf6 19. b3 Qa5 20. Re2 Rc8
21. g3 Qc3 22. Kg2 Qc5 23. h4 Qa5 24. Qd2 Qa2 25. Qc1 Qxb3 26. Qd2 Qb5 27. Ng1
Kh7 28. f4 Rc5 29. Kh3 Qd7+ 30. g4 Rc3+ 31. Re3 Rxe3+ 32. Qxe3 Qa4 33. Qd3 Qd4
34. Qxd4 Bxd4 35. Ne2 Bg7 36. Nc1 a5 37. c4 a4 38. Kg3 Bb2 39. Na2 Kg7 40. h5
g5 41. f5 Kf6 42. Nb4 a3 43. Kf3 Bc1 44. Ke2 Bb2 45. Kd2 Ke5 46. Ke3 Bc1+ 47.
Kd3 Kf4 48. Kc2 Bb2 49. Nd3+ Kxg4 50. Nxb2 a2 0-1

[Event "Tradewise Gibraltar AmatWk2"]
[Site "Gibraltar"]
[Date "2018.01.28"]
[Round "2.30"]
[White "Maldonado Mena, German"]
[Black "Raffo, Luis"]
[Result "1-0"]
[WhiteElo "1701"]
[BlackElo "1395"]
[PlyCount "65"]
[EventDate "2018.01.27"]
[EventType "swiss"]
[EventRounds "5"]
[EventCountry "GGB"]

1. c4 e5 2. Nc3 c6 3. Nf3 d6 4. g3 Bg4 5. Bg2 Nd7 6. d3 h6 7. O-O Ngf6 8. b4
Qc8 9. a4 Be7 10. b5 O-O 11. a5 Rd8 12. a6 d5 13. axb7 Qxb7 14. bxc6 Qxc6 15.
Nxd5 Nxd5 16. cxd5 Qd6 17. Nd2 Nb6 18. Ba3 Qf6 19. Ne4 Qg6 20. Bxe7 Rd7 21. d6
Rc8 22. h3 Be6 23. Rc1 Rxc1 24. Qxc1 f5 25. Nc5 e4 26. dxe4 fxe4 27. Nxd7 Nxd7
28. Qc2 Bf5 29. g4 Ne5 30. gxf5 Qxf5 31. Bxe4 Qxh3 32. Bf5 Ng4 33. Qc8+ 1-0

[Event "Tradewise Gibraltar AmatWk2"]
[Site "Gibraltar"]
[Date "2018.01.28"]
[Round "2.31"]
[White "Smedsrud, Morten S"]
[Black "Volovik, Konstantin"]
[Result "0-1"]
[WhiteElo "1349"]
[BlackElo "1701"]
[PlyCount "64"]
[EventDate "2018.01.27"]
[EventType "swiss"]
[EventRounds "5"]
[EventCountry "GGB"]

1. e4 a6 2. d4 b5 3. Nf3 Bb7 4. Bd3 Nf6 5. Nbd2 e6 6. O-O Be7 7. c3 c5 8. b3
Nc6 9. Bb2 d6 10. Rc1 h6 11. Re1 O-O 12. Bb1 Rc8 13. e5 Nh7 14. Qc2 g6 15. d5
Nxe5 16. Nxe5 dxe5 17. dxe6 Qd5 18. Nf3 Ng5 19. exf7+ Rxf7 20. Re3 e4 21. c4
Qf5 22. Ne5 Rff8 23. Rd1 Rc7 24. h3 Bf6 25. Ng4 Bg7 26. Rd6 Rcf7 27. Re2 h5 28.
Ne3 Qf4 29. Rxg6 Bc8 30. h4 Qxh4 31. Nd5 Kh7 32. Rd6 Qg4 {time} 0-1

[Event "Tradewise Gibraltar AmatWk2"]
[Site "Gibraltar"]
[Date "2018.01.28"]
[Round "2.32"]
[White "Mahbubani, Arun"]
[Black "Lopez Diaz, Rafael"]
[Result "0-1"]
[WhiteElo "1288"]
[BlackElo "1687"]
[PlyCount "100"]
[EventDate "2018.01.27"]
[EventType "swiss"]
[EventRounds "5"]
[EventCountry "GGB"]

1. f4 d5 2. d3 Nf6 3. Nf3 c6 4. h3 e6 5. b3 Qc7 6. Bb2 Qxf4 7. Be5 Qh6 8. Qd2
Qxd2+ 9. Nbxd2 Nfd7 10. Bb2 f6 11. e4 Bd6 12. O-O-O a5 13. exd5 cxd5 14. a3 Nc6
15. Nb1 Nc5 16. Nc3 O-O 17. g4 Bd7 18. d4 Ne4 19. Nxe4 dxe4 20. Nh4 Bg3 21. Ng2
Ne7 22. Kb1 b5 23. Ne3 Bf2 24. Bc1 Bxe3 25. Bxe3 Nd5 26. Re1 Rfc8 27. Bd2 f5
28. Bg2 b4 29. a4 Rc7 30. Rhf1 Rac8 31. Rc1 h6 32. Kb2 g5 33. h4 e3 34. Be1 f4
35. hxg5 hxg5 36. Rh1 Nf6 37. Bf3 Bc6 38. Bxc6 Rxc6 39. c3 Kg7 40. Rg1 Ne4 41.
c4 Rd8 42. Rd1 Rcd6 43. Rg2 Rxd4 44. Rxd4 Rxd4 45. Rc2 Nc5 46. Kc1 f3 47. Bg3
Rxg4 48. Be5+ Kg6 49. Kb2 e2 50. Rc1 Nd3+ 0-1

[Event "Tradewise Gibraltar AmatWk2"]
[Site "Gibraltar"]
[Date "2018.01.28"]
[Round "2.33"]
[White "Sagar, Siya"]
[Black "Stai, Sondre"]
[Result "1/2-1/2"]
[WhiteElo "1199"]
[BlackElo "1668"]
[PlyCount "94"]
[EventDate "2018.01.27"]
[EventType "swiss"]
[EventRounds "5"]
[EventCountry "GGB"]

1. e4 c5 2. Nf3 d6 3. d4 cxd4 4. Nxd4 Nf6 5. Nc3 Nc6 6. f3 a6 7. Bc4 e6 8. Be3
Bd7 9. Qd2 b5 10. Bb3 Nxd4 11. Bxd4 Be7 12. g4 O-O 13. h4 b4 14. Na4 Bxa4 15.
Bxa4 d5 16. e5 Nd7 17. g5 Rc8 18. f4 Nc5 19. Bxc5 Bxc5 20. O-O-O Qb6 21. Rh3
Rfd8 22. Bb3 Qc6 23. h5 a5 24. g6 a4 25. Bc4 Be3 26. Qxe3 Qxc4 27. gxh7+ Kh8
28. Qd2 Qxa2 29. Qxb4 Rb8 30. Qa3 Qc4 31. Rf3 Rdc8 32. Rd2 Qe4 33. Qe3 Qxe3 34.
Rxe3 Rc4 35. f5 exf5 36. Rxd5 Rb7 37. Rf3 f4 38. c3 Kxh7 39. Rd4 Rc5 40. Rfxf4
a3 41. bxa3 Rxc3+ 42. Kd2 Rxa3 43. Kc2 Kh6 44. Rf5 Rba7 45. Kb2 Re3 46. Rg4 f6
47. exf6 gxf6 1/2-1/2

[Event "Tradewise Gibraltar AmatWk2"]
[Site "Gibraltar"]
[Date "2018.01.28"]
[Round "2.34"]
[White "White, Gary"]
[Black "Lassan, Szabolcs"]
[Result "1-0"]
[WhiteElo "1663"]
[BlackElo "1346"]
[PlyCount "75"]
[EventDate "2018.01.27"]
[EventType "swiss"]
[EventRounds "5"]
[EventCountry "GGB"]

1. f4 d5 2. Nf3 Nf6 3. d3 g6 4. e3 Bg7 5. Be2 c5 6. O-O Bg4 7. h3 Bxf3 8. Bxf3
e6 9. Nd2 Nc6 10. c3 Qc7 11. g3 O-O-O 12. b3 Nh5 13. Bxh5 Bxc3 14. Rb1 gxh5 15.
Qxh5 Rdg8 16. Kh2 Rg6 17. Rg1 Rhg8 18. Nf3 Bf6 19. Bb2 Bxb2 20. Rxb2 f5 21.
Rbg2 Qg7 22. Nh4 Rh6 23. Qe2 Qf7 24. Qc2 Qe7 25. Nf3 Kd7 26. Rc1 b6 27. d4 Nb4
28. Ne5+ Ke8 29. Qd2 Rg7 30. dxc5 bxc5 31. a3 Na6 32. Qa5 Qd6 33. Rd2 d4 34.
exd4 cxd4 35. Rc6 Qd8 36. Qxd8+ Kxd8 37. Rxd4+ Ke8 38. Rc8+ 1-0

[Event "Tradewise Gibraltar AmatWk2"]
[Site "Gibraltar"]
[Date "2018.01.28"]
[Round "2.35"]
[White "Jain, Anushree"]
[Black "Kearsley, Raymond J"]
[Result "0-1"]
[WhiteElo "1019"]
[BlackElo "1655"]
[PlyCount "112"]
[EventDate "2018.01.27"]
[EventType "swiss"]
[EventRounds "5"]
[EventCountry "GGB"]

1. e4 c5 2. c3 g6 3. d4 cxd4 4. cxd4 d5 5. exd5 Nf6 6. Bc4 Nxd5 7. Ne2 Bg7 8.
Nbc3 Nb6 9. Bb3 O-O 10. Be3 Nc6 11. d5 Nb4 12. a3 N4xd5 13. Nxd5 Nxd5 14. Bxd5
Bxb2 15. Ra2 Bf6 16. Qb3 e6 17. Bf3 Qa5+ 18. Qb4 Qc7 19. Rd2 Be7 20. Qc3 Qxc3
21. Nxc3 Bxa3 22. O-O a5 23. Nb5 Bb4 24. Ra2 Bd7 25. Nd4 e5 26. Nc2 Be6 27.
Nxb4 axb4 28. Rxa8 Rxa8 29. Bxb7 Rb8 30. Be4 f5 31. Bc6 b3 32. Rb1 b2 33. Bc5
Ba2 34. Rxb2 Rxb2 35. h3 Rc2 36. Bd6 Rxc6 37. Bxe5 Re6 38. f4 Bd5 39. Kf2 Rb6
40. g4 Rb3 41. gxf5 Rxh3 42. fxg6 hxg6 43. Ke2 Kf7 44. Kf2 Ke6 45. Bb8 Kf5 46.
Bc7 Kg4 47. Be5 Rf3+ 48. Kg2 Rxf4+ 49. Kh2 Rf2+ 50. Kg1 Rg2+ 51. Kf1 Kf3 52.
Ke1 Re2+ 53. Kf1 Rxe5 54. Kg1 Kg3 55. Kf1 Bc4+ 56. Kg1 Re1# 0-1

[Event "Tradewise Gibraltar AmatWk2"]
[Site "Gibraltar"]
[Date "2018.01.29"]
[Round "3.1"]
[White "Parker, Keith"]
[Black "Cemborain Oricain, Alfonso"]
[Result "1/2-1/2"]
[WhiteElo "1849"]
[BlackElo "1886"]
[PlyCount "67"]
[EventDate "2018.01.27"]
[EventType "swiss"]
[EventRounds "5"]
[EventCountry "GGB"]

1. d4 d5 2. Bf4 c5 3. e3 Nc6 4. c3 Qb6 5. Qb3 c4 6. Qc2 Bf5 7. Qc1 e6 8. Nd2
Nf6 9. Ngf3 h6 10. Be2 Be7 11. h3 Qd8 12. Ne5 Nxe5 13. dxe5 Ne4 14. Nxe4 Bxe4
15. O-O b5 16. Bd1 O-O 17. Bc2 Bxc2 18. Qxc2 b4 19. e4 Qa5 20. exd5 Qxd5 21.
cxb4 Bxb4 22. Rfd1 Qb5 23. Rd4 Rac8 24. Rc1 c3 25. Qb3 cxb2 26. Rxc8 Rxc8 27.
Qxb2 Rb8 28. a3 Bf8 29. Qxb5 Rxb5 30. Rd8 Ra5 31. Bd2 Rb5 32. Bf4 f6 33. exf6
gxf6 34. Bd6 1/2-1/2